000 00520nam a22001817a 4500
999 _c5480
_d5480
003 AR-CdUCM
008 190312b ||||| |||| 00| 0 spa d
040 _aMUNICIPALIDAD PROVINCIAL DEL CUSCO
_cBIBLIOTECA MUNICIPAL DEL CUSCO
082 _a869.56 /
_bV39
100 _aVega Posada, Eduardo
_916464
245 _aCon el respeto mas grande /
260 _aLima :
_bCONCYTEC,
_c1989.
300 _a61 páginas ;
_c20 cm.
650 _aPoesía peruana
_9806
650 _aSiglo XX
_98
942 _2ddc
_cLIBROS
945 _azta